[Event "IRI-ch Online"]
[Site "Chess.com INT"]
[Date "2021.03.16"]
[Round "2"]
[White "Darini, Pouria"]
[Black "Panjali, Ehsan"]
[Result "1-0"]
[WhiteElo "2432"]
[BlackElo "1824"]
[PlyCount "111"]
[EventDate "2021.03.15"]
[EventType "swiss (rapid)"]
[EventRounds "11"]
[EventCountry "IRI"]
[SourceTitle "CBM 201 Extra"]
[Source "ChessBase"]
[SourceDate "2021.05.31"]
[SourceVersion "1"]
[SourceVersionDate "2021.05.31"]
[SourceQuality "1"]

1. e4 c5 2. Nf3 e6 3. d4 cxd4 4. Nxd4 Nf6 5. Nc3 Nc6 6. Nxc6 bxc6 7. Bd3 d5 8. 0-0 Be7 9. Bf4 0-0 10. Qf3 c5 11. Rfe1 Bb7 12. exd5 Bxd5 13. Nxd5 Qxd5 14. Qe2 Rad8 15. Be5 Bd6 16. Bc3 Qh5 17. Qxh5 Nxh5 18. g3 Nf6 19. Rad1 Nd5 20. Ba5 Nb6 21. Kf1 Be7 22. Bb5 Bf6 23. c3 g6 24. Ke2 Kg7 25. h4 h6 26. Rxd8 Rxd8 27. Rd1 Rxd1 28. Kxd1 Be7 29. Be2 f5 30. Kc2 Kf6 31. c4 e5 32. Bc3 Ke6 33. a3 Bf6 34. b4 Nd7 35. b5 e4 36. Bd2 Bd4 37. f3 Bf2 38. fxe4 fxe4 39. Bg4+ Ke7 40. Bf4 Nf6 41. Be2 g5 42. hxg5 hxg5 43. Bb8 Nd7 44. Bxa7 Bxg3 45. a4 Bc7 46. Bg4 Ne5 47. Bxc5+ Kd8 48. Be6 Nd7 49. Be3 Bf4 50. Bd4 Kc7 51. a5 Be5 52. b6+ Kb7 53. Be3 Nb8 54. Bxg5 Ka6 55. Bd2 Nc6 56. Bc8# 1-0

[Event "IRI-ch Online"]
[Site "Chess.com INT"]
[Date "2021.03.16"]
[Round "3"]
[White "Panjali, Ehsan"]
[Black "Delavari, Behnood"]
[Result "1-0"]
[WhiteElo "1824"]
[BlackElo "1338"]
[PlyCount "137"]
[EventDate "2021.03.15"]
[EventType "swiss (rapid)"]
[EventRounds "11"]
[EventCountry "IRI"]
[SourceTitle "CBM 201 Extra"]
[Source "ChessBase"]
[SourceDate "2021.05.31"]
[SourceVersion "1"]
[SourceVersionDate "2021.05.31"]
[SourceQuality "1"]

1. d4 Nf6 2. Nf3 c5 3. e3 d5 4. c4 cxd4 5. exd4 Nc6 6. Nc3 Bg4 7. cxd5 Nxd5 8. Bc4 Nb6 9. Bb5 e6 10. Be3 Bb4 11. 0-0 0-0 12. h3 Bh5 13. a3 Be7 14. Rc1 Bf6 15. Bxc6 bxc6 16. Ne4 Bxf3 17. Nxf6+ Qxf6 18. Qxf3 Qxf3 19. gxf3 Rac8 20. Rc5 Na4 21. Rc2 Rfd8 22. Rfc1 Rb8 23. b4 Nb6 24. Rxc6 Kf8 25. Rc7 Rdc8 26. Kf1 h6 27. Ke2 g5 28. Kd3 a6 29. f4 Rxc7 30. Rxc7 Nd5 31. Ra7 gxf4 32. Bd2 Rb6 33. Ke4 Kg7 34. Ke5 Kg6 35. Bxf4 f6+ 36. Ke4 Nc3+ 37. Kd3 Nb5 38. Rd7 Nxa3 39. Bd6 Nb5 40. Bc5 Rc6 41. Rd8 Nc7 42. Rc8 Kf7 43. Ke4 h5 44. Kf3 e5 45. d5 Rxc5 46. bxc5 Nxd5 47. Ke4 Ne7 48. Ra8 Ke6 49. Rxa6+ Kd7 50. Ra7+ Kd8 51. Ra6 Kd7 52. Rd6+ Kc7 53. Rxf6 Nc6 54. Rf7+ Kd8 55. Rh7 Ne7 56. Rxe7 Kxe7 57. Kxe5 Kd7 58. Kd5 Kc7 59. c6 Kd8 60. Kd6 Kc8 61. c7 h4 62. f4 Kb7 63. Kd7 Kb6 64. c8Q Kb5 65. Qc3 Kb6 66. Qc4 Ka5 67. Qb3 Ka6 68. Kc6 Ka7 69. Qb7# 1-0

[Event "IRI-ch Online"]
[Site "Chess.com INT"]
[Date "2021.03.16"]
[Round "4"]
[White "Panjali, Ehsan"]
[Black "Shah Moradi, Mohammad"]
[Result "1-0"]
[WhiteElo "1824"]
[BlackElo "2158"]
[PlyCount "107"]
[EventDate "2021.03.15"]
[EventType "swiss (rapid)"]
[EventRounds "11"]
[EventCountry "IRI"]
[SourceTitle "CBM 201 Extra"]
[Source "ChessBase"]
[SourceDate "2021.05.31"]
[SourceVersion "1"]
[SourceVersionDate "2021.05.31"]
[SourceQuality "1"]

1. d4 Nf6 2. c4 g6 3. Nc3 d5 4. cxd5 Nxd5 5. e4 Nxc3 6. bxc3 Bg7 7. Bc4 0-0 8. Ne2 Qd7 9. 0-0 b6 10. Be3 Bb7 11. f3 Nc6 12. Qd2 Na5 13. Bd3 c5 14. Rac1 Rfd8 15. Rfd1 Rac8 16. h3 Qa4 17. Qc2 Qa3 18. dxc5 bxc5 19. Bb5 Bc6 20. Bxc6 Nxc6 21. Qb3 Qa6 22. c4 Nd4 23. Nxd4 cxd4 24. Bf2 Rb8 25. Qc2 Qa3 26. Rd3 Qb2 27. f4 e5 28. fxe5 Bxe5 29. g3 Bg7 30. c5 Qb5 31. c6 Rbc8 32. Rb3 Qe5 33. Qc4 Rc7 34. Rb7 Rdc8 35. Rxc7 Qxc7 36. Kg2 h5 37. Bxd4 Bxd4 38. Qxd4 Rd8 39. Qc3 Qe7 40. e5 Rc8 41. Qc5 Qe6 42. Rc2 a6 43. c7 Qf5 44. Rd2 Kh7 45. Rf2 Qe4+ 46. Kh2 Kg7 47. Qe7 Qd5 48. Qd6 Qc4 49. Qf6+ Kg8 50. Qd8+ Rxd8 51. cxd8Q+ Kh7 52. Qf6 Kg8 53. e6 fxe6 54. Qxg6+ 1-0